| 000 | 01177cam a2200229 4500 | ||
|---|---|---|---|
| 001 | ABS65829 | ||
| 008 | 020905n2002 000 0 eng u | ||
| 035 | _a(Sirsi) u119585 | ||
| 100 | _aBingham, T. | ||
| 245 | _aBase motives | ||
| 260 | _c2002 | ||
| 490 |
_aBuilding _v267(8248) 30 August 2002, 36-37(2) |
||
| 520 | _aDiscusses the effect of the Late Payment of Commercial Debts (Interest) Act 1998 the final part of which is being implemented by the minister for small business at the DTI. The first stage was introduced on 1 November 1998 when big business and public sector bodies were affected by an 8% late payment chart. From 7 August 2002, this now applies to any size business to allow them to claim penalty interest from any slow payer. Argues that there is a need to clarify the possible ways forward when the late payer attempts to avoid paying interest. | ||
| 590 | _aABS | ||
| 650 | _aLATE PAYMENT OF COMMERCIAL DEBTS (INTEREST) ACT 1998 | ||
| 650 | _aSMALL BUSINESS | ||
| 650 | _aLATE PAYMENT | ||
| 650 | _aDEBT COLLECTION | ||
| 650 | _aEUROPEAN COMMUNITIES ACT 1972 | ||
| 690 | _aMANAGEMENT-BUSINESS MANAGEMENT-FINANCIAL MANAGEMENT | ||
| 942 | _n0 | ||
| 999 |
_c71103 _d71103 |
||